000 00538nam a2200217Ia 4500
003 OSt
005 20220928151641.0
006 a|||||r|||| 00| 0
007 ta
008 220927b |||||||| |||| 00| 0 eng d
024 _a130382
037 _cTextual
040 _aSDCL
_cSDCL
_beng
041 _2eng
_aeng
082 _aB281, L6
100 _aBradley James V
_9517985
245 0 _aProbability; decision; statistics.
260 _c1976
942 _hB281, L6
_cTEXL
_2CC
999 _c852548
_d852548